<?xml version="1.0" encoding="UTF-8"?>
<record
    xmlns:xsi="http://www.w3.org/2001/XMLSchema-instance"
    xsi:schemaLocation="http://www.loc.gov/MARC21/slim http://www.loc.gov/standards/marcxml/schema/MARC21slim.xsd"
    xmlns="http://www.loc.gov/MARC21/slim">

  <leader>02089cam a2200277 i 4500</leader>
  <controlfield tag="003">OSt</controlfield>
  <controlfield tag="005">20210914104652.0</controlfield>
  <controlfield tag="008">170206s2011    ck abd  r     001 0 spa d</controlfield>
  <datafield tag="020" ind1=" " ind2=" ">
    <subfield code="a">9789584493637</subfield>
  </datafield>
  <datafield tag="040" ind1=" " ind2=" ">
    <subfield code="a">CO-BoPUJ</subfield>
    <subfield code="b">spa</subfield>
    <subfield code="c">CO-JMCR</subfield>
  </datafield>
  <datafield tag="041" ind1="0" ind2=" ">
    <subfield code="a">spa</subfield>
  </datafield>
  <datafield tag="082" ind1="0" ind2="4">
    <subfield code="a">338.9861 /</subfield>
    <subfield code="b">R177i</subfield>
    <subfield code="2">23</subfield>
  </datafield>
  <datafield tag="100" ind1="1" ind2=" ">
    <subfield code="a">Ram&#xED;rez de Rinc&#xF3;n, Marta Luc&#xED;a</subfield>
    <subfield code="e">autora</subfield>
    <subfield code="9">40340</subfield>
  </datafield>
  <datafield tag="245" ind1="1" ind2="0">
    <subfield code="a">Innovaci&#xF3;n : </subfield>
    <subfield code="b">elemento indispensable para una pol&#xED;tica industrial de nueva generaci&#xF3;n /</subfield>
    <subfield code="c">Marta Luc&#xED;a Ram&#xED;rez</subfield>
  </datafield>
  <datafield tag="260" ind1=" " ind2=" ">
    <subfield code="a">Bogot&#xE1; : </subfield>
    <subfield code="b">Coalici&#xF3;n Para la Promoci&#xF3;n de la Industria Colombiana, </subfield>
    <subfield code="c">2011.</subfield>
  </datafield>
  <datafield tag="300" ind1=" " ind2=" ">
    <subfield code="a">163 p&#xE1;ginas : </subfield>
    <subfield code="b">ilustraciones, gr&#xE1;ficas, mapas y tablas, </subfield>
    <subfield code="c">28 cm.</subfield>
  </datafield>
  <datafield tag="504" ind1=" " ind2=" ">
    <subfield code="a">Incluye referencias bibliogr&#xE1;ficas (p&#xE1;ginas 129-134) e &#xED;ndice.</subfield>
  </datafield>
  <datafield tag="505" ind1="0" ind2=" ">
    <subfield code="a">Patrones mundial de innovaci&#xF3;n y desarrollo tecnol&#xF3;gico en el marco de una pol&#xED;tica industrial. -- Modelos de innovaci&#xF3;n, ciencia y tecnolog&#xED;a colombiano: "En b&#xFA;squeda de una pol&#xED;tica industrial para el desarrollo. -- La industria y las manufacturas competitivas como una expresi&#xF3;n de una verdadera propuesta de innovaci&#xF3;n en Colombia. -- Paralelo institucional latinoamericano.   </subfield>
  </datafield>
  <datafield tag="520" ind1="0" ind2=" ">
    <subfield code="a">La ausencia de menci&#xF3;n alguna sobre el desarrollo industrial en Colombia como una de las locomotoras del Plan Nacional de Desarrollo, suscit&#xF3; la inquietud de un importante grupo de industriales que, a comienzos de 2011, se dio a la tarea de organizar lo que hoy en d&#xED;a se conoce como la Coalici&#xF3;n para la Promoci&#xF3;n de la Industria Colombiana, con el prop&#xF3;sito de identificar aquellos elementos que puedan contribuir al mayor desarrollo industrial manufacturero del pa&#xED;s, al tiempo que estimular a las cadenas productivas y su competitividad, como resultante de unos eslabonamientos orientados a la generaci&#xF3;n de valor agregado e innovaci&#xF3;n.</subfield>
  </datafield>
  <datafield tag="650" ind1="1" ind2="4">
    <subfield code="a">Innovaciones tecnol&#xF3;gicas</subfield>
    <subfield code="z">Colombia</subfield>
    <subfield code="9">13019</subfield>
  </datafield>
  <datafield tag="650" ind1="2" ind2="4">
    <subfield code="a">Pol&#xED;tica industrial</subfield>
    <subfield code="z">Colombia</subfield>
    <subfield code="9">14480</subfield>
  </datafield>
  <datafield tag="650" ind1="2" ind2="4">
    <subfield code="a">Ciencia y tecnolog&#xED;a</subfield>
    <subfield code="9">3141</subfield>
  </datafield>
  <datafield tag="650" ind1="2" ind2="4">
    <subfield code="a">Desarrollo econ&#xF3;mico</subfield>
    <subfield code="9">40341</subfield>
  </datafield>
  <datafield tag="651" ind1="2" ind2="4">
    <subfield code="a">Colombia</subfield>
    <subfield code="x">Pol&#xED;tica econ&#xF3;mica</subfield>
    <subfield code="9">6872</subfield>
  </datafield>
  <datafield tag="942" ind1=" " ind2=" ">
    <subfield code="2">ddc</subfield>
    <subfield code="c">BK</subfield>
  </datafield>
  <datafield tag="999" ind1=" " ind2=" ">
    <subfield code="c">12465</subfield>
    <subfield code="d">12465</subfield>
  </datafield>
  <datafield tag="952" ind1=" " ind2=" ">
    <subfield code="0">0</subfield>
    <subfield code="1">0</subfield>
    <subfield code="2">ddc</subfield>
    <subfield code="4">0</subfield>
    <subfield code="7">0</subfield>
    <subfield code="a">CPL</subfield>
    <subfield code="b">CPL</subfield>
    <subfield code="c">GEN</subfield>
    <subfield code="d">2018-04-15</subfield>
    <subfield code="e">Donaci&#xF3;n</subfield>
    <subfield code="o">338.9861 / R177i</subfield>
    <subfield code="p">430005275</subfield>
    <subfield code="r">2024-05-16 00:00:00</subfield>
    <subfield code="t">Ej.1</subfield>
    <subfield code="w">2021-03-10</subfield>
    <subfield code="y">BK</subfield>
  </datafield>
</record>
